000 02143cam a22002054a 4500
005 20250605163413.0
008 250528s ||||||||||||||||||||||||d
035 _a18454
020 _a9602862807
040 _aGR-AtMCL
_bgre
_dGR-AtMCL
_eAACR2
245 1 _aΓενική Λογιστική / Έννοιες, Αρχές και Τεχνικές για τη Μελέτη της Σύγχρονης Λογιστικής (Χειρόγραφης και με Η/Υ), Σύμφωνα και με το Ε. Γ. Λ. Σ. και τον Κ. Β. Σ. με Παραδείγματα και Ασκήσεις
250 _a
260 _bΈλλην,
_c1997
300 _a482
520 _aΕισαγωγή στη Λογιστική, Περιουσία - Απογραφή - Ισολογισμός, Οι Μεταβολές των Περιουσιακών Στοιχείων και η Παρακολούθηση τους με Διαδοχικούς Ισολογισμούς, Οι Μεταβολές των Περιουσιακών Στοιχείων και η Παρακολούθηση τους με Διαδοχικούς Ισολογισμούς, Οι Λογαριασμοί, Τα Λογιστικά Στοιχεία στα Βιβλία, Τα Λογιστικά Σφάλματα και η Διόρθωση τους, Διάκριση των Λογαριασμών Ανάλογα με τη Φύση ή το Περιεχόμενο τους, Έννοια και Λειτουργία των Λογαριασμών του Ε.Γ.Λ.Σ., Αποτίμηση των Πειουσιακών Στοιχείων, Λογιστικές Μέθοδοι και Συστήματα, Λογιστική των Υποκαταστημάτων, Λογαριασμοί Τάξεως, Στοιχεία Αναλυτικής Λογιστικής Εκμετάλλευσης, Στοιχεία Διοικητικής Λογιστικής, Μηχανογραφική Τήρηση Βιβλίων και Στοιχείων, Γενικές Ασκήσεις, Παράρτημα.
700 1 _aΚοντάκος Αριστοτέλης Γ
942 _cBK
999 _c3815
_d3815